000
00284nam a2200097Ia 4500
008
210107s9999 xx 000 0 und d
100
_a
ISO
245
0
_a
Quality Management Systems: Guideline for quality management in projects, ISO 1006:2003
260
_a
Swizerland
_b
ISO
942
_c
BK
999
_c
10989
_d
10989